Food labelling complete texts

Contains a collection of the standards and guidelines on food labelling to allow their use and understanding by governments, regulatory authorities, food industries, retailers, and consumers. This work covers topics such as labelling of food additives, claims for special dietary uses, nutrition labe...

Descripción completa

Guardado en:
Detalles Bibliográficos
Autor Corporativo: Joint FAO/WHO Codex Alimentarius Commission
Formato: Libro
Lenguaje:Undetermined
Publicado: Rome Food and Agriculture Organization of the United Nations 2005
Materias:
Etiquetas: Agregar Etiqueta
Sin Etiquetas, Sea el primero en etiquetar este registro!
Thư viện lưu trữ: Trung tâm Học liệu Trường Đại học Cần Thơ
LEADER 00996nam a2200217Ia 4500
001 CTU_190333
008 210402s9999 xx 000 0 und d
020 |c 27.46 
082 |a 363.19262 
082 |b J74 
110 |a Joint FAO/WHO Codex Alimentarius Commission 
245 0 |a Food labelling complete texts 
245 0 |c Codex Alimentarius Commission 
260 |a Rome 
260 |b Food and Agriculture Organization of the United Nations 
260 |c 2005 
520 |a Contains a collection of the standards and guidelines on food labelling to allow their use and understanding by governments, regulatory authorities, food industries, retailers, and consumers. This work covers topics such as labelling of food additives, claims for special dietary uses, nutrition labelling, and the use of the term 'Halal'. 
650 |a Food,Thực phẩm 
650 |x Labeling,Standards,Nhãn,Tiêu chuẩn 
904 |i Trúc 
980 |a Trung tâm Học liệu Trường Đại học Cần Thơ